000 01789nam a2200373 i 4500
003 DO-SdBNP
005 20240313073821.0
006 a||||gr|||| 00| 0
007 ta
008 230808e2012 dr aoc|| |||| 00| 0 spa d
040 _aDO-SdBNP
_bspa
_cBNPHU
_erda
041 _hspa, eng.
082 4 _222
_bS456m
111 2 _aMuestra de Cine Medioambiental Dominicana:
_n(2º:
_d2012:
_cSanto Domingo)
_983904
245 1 0 _aII muestra de cine medioambiental dominicana:
_bimágenes y recuerdos del 5 al 9 de septiembre de 2012. /
_cDirección del proyecto, Natasha Despotovic; coordinación General, Semiramis de Miranda; edición y corrección de estilo, Asunción Sanz, Sonia Vives, Christine Fetzer; fofografía, Anne Casalé, Apolinar Moreno.
246 _a2º muestra de Cine Medioambiental Dominicana:
_bimágenes y recuerdos del 5 al 9 de septiembre de 2012. /
264 1 _aSanto Domingo :
_bFUNGLODE,
_c2012
300 _a82 páginas :
_bIlustraciones, fotografías, retratos ;
_c28 cm.
336 _2rdacontent
_atexto
_btxt
337 _2rdamedia
_asin mediación
_bn
338 _2rdacarrier
_avolumen
_bnc
500 _aCiudades/cities: Santo Domingo - Santiago - Puerto Plata - Punta Cana - San Francisco de Macorís - Baní - Sosúa.
546 _aLibro en español e inglés.
590 _aInventariado 2023 / MF
700 1 _aDespotovic, Natasha,
_edirector del proyecto.
_983905
700 1 _aMiranda, Semiramis, de,
_ecoordinadora
_983906
700 1 _aSanz, Asunción,
_eeditor
_983907
700 1 _aVives, Sonia
_eeditor
_983908
700 1 _aFetzer, Christine,
_eedición
_983909
700 1 _aCasale, Anne,
_972639
_efotógrafo
700 1 _aMoreno, Apolinar,
_efotógrafo
_983910
710 2 _aFundación Global Democracía y Desarrollo
_925477
942 _2ddc
_cLBS1
999 _c54351
_d54351